Capitali del Mondo per Lettera - C - Statistics

Statistiche generali
  • Questo quiz è stato fatto 2.477 volte
  • Il punteggio medio è 6 su 10
Statistiche sulle risposte
Country Capital City % Corretto
Australia Canberra
82%
Venezuela Caracas
81%
Denmark Copenaghen
70%
Moldova Chișinău
67%
Messico Città del Messico
67%
Città del Vaticano Città del Vaticano
61%
South Africa Città del Capo
47%
Guatemala Città del Guatemala
43%
St. Lucia Castries
40%
Guinea Conakry
37%
Nessun quiz corrispondente trovato
Distribuzione punteggi
Percentuale di utenti per punteggio
Percentile per numero di risposta
I tuoi punteggi nel tempo
Non hai fatto questo quiz